00850nam a22002177a 450000500170000000800410001704000250005804100080008304400070009109000140009824500540011226000660016630000420023265000550027465000410032965000290037065000370039994200130043699900150044995201680046420200104041632.0150109b2010 ck || |r|||| 00| 0 spa d aCO-BoIAVHcCO-BoIAVH aspa ack aEAb00242 aColorear, Escribir y Leer con Alegría Ambiental aCasanare :bCORPORINOQUIA,bGobernación de Casanare,c2010. a44 pagbIl, fot (col)c28 cmeCD-Room 6aEducación ambientalxEnseñanza Primaria931266 4aProtección del medio ambiente9271 4aCultura ambiental931268 6aPlanificación educativa931269 2zcLIBRO c8947d8947 00102z40708EDUAMBIENTIINV2017aVenadobVenadod2015-01-09eInstitutog39000.00l0oEA-00242p035101r2015-01-09 00:00:00tEj. 1w2015-01-09xDonaciónyLIBRO